000 00541nam a2200157Ia 4500
008 220216s9999 xx 000 0 und d
100 _aTillekeratne L M K
245 0 _aStudy of the mechanism of action of alkaline metal salts of agromatic thiols on carotenoid compounds present in NR latex
260 _bProceedings of the International Rubber Conference, Colombo, 1984, V2. Part 1; p89-95
650 _aNR latex
700 _aMahanama M
700 _aNandadewa R
700 _aSarathkumara P H
700 _aWeeraman S
942 _cJS
999 _c69811
_d69811